Cappella Istropolitana v Hannoveri

Bibliographic Details
Main Author: Kupkovič, Ladislav, 1936-2016 (Author)
Format: Article
Language:Slovak
Subjects:

MARC

LEADER 00000nab a2200000 a 4500
001 vtls000671950
003 SK-MaSNL
005 20260304091213.0
008 250425c1998 xo 0 slo
015 |a SNBRB1998/09-27161 
035 |a CLN000024126 
035 |a urn:nbn:sk:snk-ab22sa 
035 |a (urnnbn)urn:nbn:sk:snk:ar-a01gp3 
035 |a (uuid)c1415064-c755-402a-aca3-6c048dfe1c23 
040 |a SNKBUCL  |b slo  |c SNKBUCL  |e AACR2 
041 0 |a slo 
044 |a xo  |c SK 
080 |a 78.071.2:785.7:061.7  |2 1997 
080 |a 785.7  |2 1997 
100 1 |a Kupkovič, Ladislav,  |d 1936-2016  |4 aut  |9 93829 
245 1 0 |a Cappella Istropolitana v Hannoveri  |c Ladislav Kupkovič 
610 2 7 |a Cappella Istropolitana (komorný orchester)  |2 SNKKA  |9 33403 
655 7 |a články z novín a časopisov  |2 snkbucl  |9 267496 
773 0 |t Hudobný život '98  |g Roč. 30, č. 17 (1998), s. 11 
850 |a Slovenská národná knižnica 
852 |a Slovenská národná knižnica 
954 |a odborná, vedecká literatúra pôvodná (slovenská)  |2 lita 
958 |a article27 
958 |a OND 
958 |a SK 
958 |a EUIPO 
992 |a RBX 
999 |c 2814611  |d 2816541